01011nam a2200241 a 450000100060000000300080000600500170001400800410003103500160007203500190008804000420010704100080014908200200015710000420017724501010021925000170032026000490033730000230038650502340040960000410064365000630068470000220074720488BD-RjUL20211209000554.0140301s1957 enka 001 0aeng d aoxf98310309 a(BD-RjUL)20550 aYNGdm.cdOCLdYNGdEQObengcBD-RjUL aeng a821.7bCON 19611 aColeridge, Samuel Taylor,d1772-1834.14aThe notebooks of Samuel Taylor Coleridge /cSamuel Taylor Coleridge ; edited by Kathleen Coburn. aComplete ed. aLondon :bRoutledge & Kegan Paul,c1957-1961 av :bill. ;c24 cm1 aVol. 1. 1794-1804, pt. 1. Text, pt. 2. Notes -- v. 2. 1804-1808, pt. 1. Text, pt. 2. Notes -- v. 3. 1808-1819, pt. 1. Text, pt. 2. Notes -- v. 4. 1819-1826, pt. 1. Text, pt. 2, Notes -- v. 5. 1827-1834, pt. 1. Text, pt. 2. Notes.10aColeridge, Samuel Taylor,d1772-1834 0aPoets, Englishy19th centuryvNotebooks, sketchbooks, etc.1 aCoburn, Kathleen.